000 00993cad a22002175a 4500
001 E154067
008 111011s2011 xxk f s000 0 eng d
020 _a9781780454528
035 _a(Sirsi) u154067
041 0 _aeng
110 2 _aScotland
_bScottish Government
_95344
245 0 0 _aLand Reform (Scotland) Act 2003
_bconsultation on draft order to permit temporary closures of core paths
_h[electronic resource]
260 _aEdinburgh
_bScottish Government
_c2011
520 _aSeeks views on a proposed amendment to the Land Reform (Scotland) Act 2003 to allow authorities to temporarily close core paths using a Section 11 Order. Deadline for comments is 11 January 2012.
590 _aKA
650 2 4 _aLAND REFORM (SCOTLAND) ACT 2003
651 4 _aScotland
_y1999-
690 _aENVIRONMENTAL AND LAND CONSULTANCY-LAND MANAGEMENT
856 4 0 _uhttps://www.scotland.gov.uk/Publications/2011/10/07151556/0
_zView the consultation free of charge at www.scotland.gov.uk
942 _n0
999 _c112828
_d112828